000 00967nam a2200229 a 4500
001 000045491
005 20201002052259.0
008 150410s2015 dr abc 000 0 spa d
020 _a9789945082678
040 _aDO-SdBNP
_bspa
_cBNPHU
082 _axxxx
_bxxxx
100 1 _aFéliz Cuello, Carlos Ml.
_973546
245 1 0 _aEn busca de una opción política alternativa al neoliberalismo :
_bla izquierda que se liquida /
_cCarlos Ml. Féliz Cuello ; prólogo Gustavo Olivo Peña.
260 _aSanto Domingo :
_bGrafi Sol,
_c2015.
300 _a171 p. :
_bil., retrs., mapas ;
_c21 cm.
500 _aIncluye datos biográficos del autor en la solapa de la contracubierta
500 _aLa biblioteca posee 1 ejemplar autografiado por el autor
500 _aIncluye referencias bibliográficas y notas al pie de las páginas.
500 _aÍndice onomástico y temático
504 _aBibliografía : p. 159-166
700 1 2 _aOlivo Peña, Gustavo,
_epról.
_973547
999 _c44980
_d44980